[Event "DEM U10/U10w 2014"]
[Site "Magdeburg GER"]
[Date "2014.06.09"]
[Round "3"]
[White "Fischer, Laura"]
[Black "Hartmann, Katrin"]
[Result "0-1"]
[Termination "normal"]
[Board "41"]
[WhiteElo "1091"]
[BlackElo "1014"]
[PlyCount "146"]
[WhiteFideId "16208935"]
[BlackFideId "16200632"]
[EventCountry "GER"]
[EventRounds "11"]
[EventType "swiss"]
[EventDate "2014.06.07"]

1. e4 e5 2. Nf3 Nc6 3. Bc4 Bc5 4. c3 Nf6 5. d4 exd4 6. cxd4 Bb4+ 7. Nc3 Nxe4 8.
O-O Nxc3 9. bxc3 Be7 10. Re1 d5 11. Bb5 O-O 12. Bxc6 bxc6 13. Ne5 Bd7 14. Qa4
Bd6 15. Ba3 Bxe5 16. Bxf8 Kxf8 17. Rxe5 c5 18. Qa3 c6 19. Qxc5+ Kg8 20. Rae1
Qf8 21. Qxf8+ Kxf8 22. h3 Rb8 23. Re7 Be6 24. Rxa7 Rb2 25. f4 g6 26. g4 Rc2 27.
Ra6 Rxc3 28. Rd1 Rxh3 29. Rxc6 Bxg4 30. Rdc1 Rg3+ 31. Kf2 Rf3+ 32. Kg2 Rxf4 33.
a4 Rxd4 34. a5 Ra4 35. a6 h5 36. R1c5 h4 37. Rxd5 h3+ 38. Kg3 Ra1 39. Rd2 Be6
40. Rcd6 Bc4 41. Kxh3 Bxa6 42. Rd8+ Kg7 43. Ra8 Rh1+ 44. Rh2 Rxh2+ 45. Kxh2 Bb7
46. Ra1 Bd5 47. Ra5 Be6 48. Kg3 Kf6 49. Kf4 Ke7 50. Ra6 f6 51. Ke4 g5 52. Kf3
f5 53. Rb6 Kf6 54. Ke3 Ke5 55. Rb5+ Bd5 56. Ra5 f4+ 57. Kd3 g4 58. Ke2 Kd4 59.
Ra4+ Bc4+ 60. Kf2 Kc3 61. Ra1 Kd2 62. Rg1 Be2 63. Re1 g3+ 64. Kg1 Kxe1 65. Kg2
Kd2 66. Kg1 f3 67. Kh1 Ke3 68. Kg1 Kf4 69. Kh1 Kg4 70. Kg1 Kh3 71. Kh1 Bc4 72.
Kg1 f2+ 73. Kh1 g2# 0-1

[Event "DEM U10/U10w 2014"]
[Site "Magdeburg GER"]
[Date "2014.06.09"]
[Round "3"]
[White "Morgenstern, Tobias"]
[Black "Khanbekyan, Areg"]
[Result "0-1"]
[Termination "normal"]
[Board "42"]
[WhiteElo "1073"]
[BlackElo "962"]
[PlyCount "70"]
[WhiteFideId "12974390"]
[BlackFideId "12993727"]
[EventCountry "GER"]
[EventRounds "11"]
[EventType "swiss"]
[EventDate "2014.06.07"]

1. e4 c5 2. Nf3 d6 3. d4 cxd4 4. Nxd4 Nf6 5. Nc3 g6 6. Bc4 Bg7 7. Be3 O-O 8.
Qd3 a6 9. f4 b5 10. Bd5 Nxd5 11. exd5 e6 12. O-O-O Bd7 13. g4 b4 14. Nce2 exd5
15. Nb3 Bxg4 16. Rd2 Bxe2 17. Rxe2 Qf6 18. Bd4 Qxf4+ 19. Kb1 Bxd4 20. Nxd4 Nd7
21. Rd2 Ne5 22. Qe2 Rfe8 23. Qg2 Nc4 24. Rd3 Re4 25. Nf3 Rae8 26. Rxd5 Ne3 27.
Qf2 Nxd5 28. Qg2 Qe3 29. Qg3 g5 30. b3 Nc3+ 31. Kb2 g4 32. Rg1 Ne2 33. Qg2 Nxg1
34. Nxg1 Qc3+ 35. Kc1 Re1# 0-1

[Event "DEM U10/U10w 2014"]
[Site "Magdeburg GER"]
[Date "2014.06.09"]
[Round "3"]
[White "Bossert, Moritz"]
[Black "Marzisch, Darius"]
[Result "0-1"]
[Termination "normal"]
[Board "43"]
[WhiteElo "953"]
[BlackElo "1067"]
[PlyCount "104"]
[WhiteFideId "16239946"]
[BlackFideId "12997480"]
[EventCountry "GER"]
[EventRounds "11"]
[EventType "swiss"]
[EventDate "2014.06.07"]

1. d4 Nf6 2. c4 g6 3. e3 Bg7 4. Nc3 O-O 5. Nf3 d6 6. Bd3 Nbd7 7. b3 e5 8. Bb2
Re8 9. O-O e4 10. Bxe4 Nxe4 11. Nxe4 Rxe4 12. Qc2 Re8 13. d5 Bxb2 14. Qxb2 Qf6
15. Nd4 c5 16. dxc6 bxc6 17. Qd2 c5 18. Nb5 Rd8 19. Nxd6 Nb6 20. Ne4 Qe7 21.
Qc2 Bf5 22. f3 Re8 23. Qc3 Bxe4 24. fxe4 Qxe4 25. Qf6 Qe6 26. Qf4 Qxe3+ 27.
Qxe3 Rxe3 28. Rae1 Rae8 29. Kf2 Rxe1 30. Rxe1 Rxe1 31. Kxe1 Kg7 32. Kf2 Kf6 33.
Kf3 Ke5 34. Ke3 f5 35. g3 g5 36. a4 f4+ 37. gxf4+ gxf4+ 38. Kf3 Kf5 39. a5 Nd7
40. a6 Ne5+ 41. Ke2 Ke4 42. h4 f3+ 43. Kf2 Nd3+ 44. Kf1 Ke3 45. b4 Nxb4 46. h5
f2 47. h6 Nd3 48. Kg2 Ke2 49. Kg3 f1=Q 50. Kg4 Ne5+ 51. Kg5 Qf3 52. Kh4 Qg4#
0-1

[Event "DEM U10/U10w 2014"]
[Site "Magdeburg GER"]
[Date "2014.06.09"]
[Round "3"]
[White "Oyunbat, Oyunchimeg"]
[Black "Kind, Swantje"]
[Result "1-0"]
[Termination "normal"]
[Board "44"]
[WhiteElo "1043"]
[BlackElo "938"]
[PlyCount "43"]
[EventCountry "GER"]
[EventRounds "11"]
[EventType "swiss"]
[EventDate "2014.06.07"]

1. e4 e5 2. Nf3 Nc6 3. Bc4 Bc5 4. c3 d6 5. d4 Bb6 6. Ng5 Nh6 7. d5 Na5 8. Bb5+
c6 9. dxc6 bxc6 10. Ba4 Qf6 11. O-O Rf8 12. Nxh7 Qe7 13. Nxf8 Kxf8 14. Nd2 Ng4
15. Qf3 Ba6 16. Qxg4 Bxf1 17. Nxf1 Kg8 18. Bh6 g6 19. Ng3 Nc4 20. Bb3 Nd2 21.
Qxg6+ Kh8 22. Qg7# 1-0

[Event "DEM U10/U10w 2014"]
[Site "Magdeburg GER"]
[Date "2014.06.09"]
[Round "3"]
[White "Schneider, Katharina"]
[Black "Paulsen, Niels-Martin"]
[Result "0-1"]
[Termination "normal"]
[Board "45"]
[WhiteElo "929"]
[BlackElo "1043"]
[PlyCount "38"]
[WhiteFideId "16200519"]
[BlackFideId "16214994"]
[EventCountry "GER"]
[EventRounds "11"]
[EventType "swiss"]
[EventDate "2014.06.07"]

1. e4 e6 2. Nf3 d5 3. Nc3 Nc6 4. exd5 exd5 5. d4 Nf6 6. Be2 Bb4 7. Bd2 O-O 8.
O-O Re8 9. Re1 Bf5 10. Bd3 Bxd3 11. Rxe8+ Qxe8 12. cxd3 Qe7 13. Bf4 Re8 14. Ne5
Nxd4 15. Nf3 Nxf3+ 16. gxf3 Bd6 17. Bg5 Qe5 18. Bxf6 Qxh2+ 19. Kf1 Qh1# 0-1

[Event "DEM U10/U10w 2014"]
[Site "Magdeburg GER"]
[Date "2014.06.09"]
[Round "3"]
[White "Diederich, Greta"]
[Black "Kiesel, Lara"]
[Result "1-0"]
[Termination "normal"]
[Board "46"]
[WhiteElo "1036"]
[BlackElo "893"]
[PlyCount "77"]
[WhiteFideId "12988618"]
[BlackFideId "12973785"]
[EventCountry "GER"]
[EventRounds "11"]
[EventType "swiss"]
[EventDate "2014.06.07"]

1. e4 e6 2. Nf3 d5 3. e5 c5 4. d4 cxd4 5. Nxd4 Nc6 6. Nf3 Bc5 7. Be2 Nge7 8.
O-O O-O 9. Be3 Bxe3 10. fxe3 Ng6 11. Qe1 Ncxe5 12. Qg3 Nxf3+ 13. Rxf3 e5 14.
Rf1 Qh4 15. Qf2 Qxf2+ 16. Rxf2 Bd7 17. Nc3 Be6 18. Nb5 Rfc8 19. c3 a6 20. Nd6
Rc7 21. e4 b5 22. exd5 Bxd5 23. a3 Ne7 24. Bf3 Bxf3 25. Rxf3 Rd8 26. Nxf7 Rf8
27. Nxe5 Rd8 28. Raf1 Rcc8 29. h4 h6 30. g4 Re8 31. g5 Nd5 32. Ng6 Nb6 33. gxh6
gxh6 34. Rg3 Kh7 35. Rf7+ Kg8 36. Rb7 Re1+ 37. Kh2 Re2+ 38. Kh3 Rxb2 39. Ne7+
1-0

[Event "DEM U10/U10w 2014"]
[Site "Magdeburg GER"]
[Date "2014.06.09"]
[Round "3"]
[White "Münch, Michelle"]
[Black "Wiemann, Vanessa"]
[Result "0-1"]
[Termination "normal"]
[Board "47"]
[WhiteElo "858"]
[BlackElo "1034"]
[PlyCount "78"]
[BlackFideId "12942987"]
[EventCountry "GER"]
[EventRounds "11"]
[EventType "swiss"]
[EventDate "2014.06.07"]

1. e4 e5 2. Nf3 Nc6 3. Bc4 Bc5 4. d3 h6 5. Be3 Bb6 6. Nc3 Nf6 7. O-O O-O 8. Nd5
Nxd5 9. Bxd5 Qf6 10. Bxc6 bxc6 11. d4 exd4 12. Bxd4 Qg6 13. Ne5 Qxe4 14. Nf3 c5
15. Re1 Qg6 16. Ne5 Qd6 17. c3 cxd4 18. cxd4 Bxd4 19. Nf3 Bxb2 20. Nd2 Bxa1 21.
Qg4 Qxd2 22. Rxa1 d6 23. Qf3 Re8 24. h3 Rb8 25. Rd1 Qxa2 26. Qc3 Rb1 27. Rf1
Ba6 28. Rxb1 Qxb1+ 29. Kh2 Bb7 30. Qxc7 Qe4 31. f3 Qf4+ 32. Kg1 Re1+ 33. Kf2
Qe3+ 34. Kg3 Bxf3 35. Qd8+ Kh7 36. Qa5 Bxg2+ 37. Kxg2 Re2+ 38. Kh1 Qxh3+ 39.
Kg1 Qg2# 0-1

[Event "DEM U10/U10w 2014"]
[Site "Magdeburg GER"]
[Date "2014.06.09"]
[Round "3"]
[White "Unbehend, Marius"]
[Black "Delgado, Celina"]
[Result "0-1"]
[Termination "normal"]
[Board "49"]
[WhiteElo "796"]
[BlackElo "1023"]
[PlyCount "28"]
[WhiteFideId "16214420"]
[BlackFideId "12993735"]
[EventCountry "GER"]
[EventRounds "11"]
[EventType "swiss"]
[EventDate "2014.06.07"]

1. e4 e5 2. Nf3 Nc6 3. Bb5 a6 4. Bxc6 bxc6 5. Nxe5 Qg5 6. O-O Qxe5 7. d3 Bd6 8.
g3 c5 9. f3 h5 10. Nc3 h4 11. Bf4 Qd4+ 12. Kh1 hxg3 13. Bxg3 Bxg3 14. Ne2 Rxh2#
0-1

[Event "DEM U10/U10w 2014"]
[Site "Magdeburg GER"]
[Date "2014.06.09"]
[Round "4"]
[White "Hinrichs, Paul"]
[Black "Keymer, Vincent"]
[Result "0-1"]
[Termination "normal"]
[Board "1"]
[WhiteElo "1532"]
[BlackElo "2036"]
[WhiteClock "00:14:47"]
[BlackClock "00:45:43"]
[PlyCount "64"]
[WhiteFideId "12942545"]
[BlackFideId "12940690"]
[EventCountry "GER"]
[EventRounds "11"]
[EventType "swiss"]
[EventDate "2014.06.07"]

1. d4 c5 2. dxc5 e6 3. Nf3 Bxc5 4. e4 d6 5. Bf4 Qb6 6. Bg3 Nf6 7. Bd3 O-O 8. b3
a6 9. O-O Nc6 10. Re1 Nh5 11. Qd2 Nxg3 12. hxg3 Ne5 13. Nxe5 dxe5 14. Nc3 Qa5
15. Nb1 Qc7 16. c4 Rd8 17. Nc3 Rb8 18. Qe2 Bb4 19. Rac1 b6 20. Red1 Bb7 21. Kh2
Rd4 22. Qc2 Rbd8 23. Ne2 R4d6 24. f4 exf4 25. gxf4 e5 26. f5 Rh6+ 27. Kg3 Qe7
28. Rh1 Qg5+ 29. Kf3 Qxf5+ 30. Kg3 Rg6+ 31. Kh2 Qh5+ 32. Kg1 Bc5+ 0-1

[Event "DEM U10/U10w 2014"]
[Site "Magdeburg GER"]
[Date "2014.06.09"]
[Round "4"]
[White "Svane, Frederik"]
[Black "Wu, Leon"]
[Result "1-0"]
[Termination "normal"]
[Board "2"]
[WhiteElo "1801"]
[BlackElo "1568"]
[WhiteClock "01:18:55"]
[BlackClock "00:23:20"]
[PlyCount "127"]
[WhiteFideId "12923044"]
[BlackFideId "12977438"]
[EventCountry "GER"]
[EventRounds "11"]
[EventType "swiss"]
[EventDate "2014.06.07"]

1. e4 e5 2. Nf3 Nc6 3. Bb5 a6 4. Bxc6 dxc6 5. O-O f6 6. d4 Bg4 7. c3 Bxf3 8.
Qxf3 exd4 9. cxd4 Qxd4 10. Rd1 Qc4 11. Bf4 Qf7 12. Qg3 Bc5 13. Bxc7 Ne7 14. Nc3
O-O 15. Rd7 Qe6 16. Rad1 b5 17. Bd8 Rc8 18. a3 Ng6 19. b4 Be7 20. Bxe7 Nxe7 21.
R1d6 Qf7 22. h4 Rfe8 23. Qh3 Qf8 24. h5 h6 25. Qe6+ Qf7 26. Rxe7 Qxe6 27. Rexe6
Rxe6 28. Rxe6 Kf7 29. Rd6 Ke7 30. Rd3 Ke6 31. f4 c5 32. Ne2 cxb4 33. axb4 Rc4
34. Rd4 Rc7 35. Kf2 Rc2 36. Ke3 Rb2 37. f5+ Ke7 38. Nf4 Rc2 39. Nd5+ Kf8 40.
Rd2 Rc1 41. Ra2 Rc6 42. Kd3 Rd6 43. Rc2 Ke8 44. Rc7 Kf8 45. Kd4 Kg8 46. Kc5 Rd8
47. Kb6 Ra8 48. Rc8+ Rxc8 49. Ne7+ Kf7 50. Nxc8 Ke8 51. Kxa6 Kd7 52. Kxb5 Kxc8
53. Kb6 Kb8 54. b5 g5 55. hxg6 h5 56. g3 h4 57. gxh4 Kc8 58. g7 Kd7 59. g8=Q
Ke7 60. h5 Kd7 61. h6 Ke7 62. h7 Kd7 63. h8=Q Ke7 64. Qe6# 1-0

[Event "DEM U10/U10w 2014"]
[Site "Magdeburg GER"]
[Date "2014.06.09"]
[Round "4"]
[White "Dobrikov, Marco"]
[Black "Hommel, Niclas"]
[Result "0-1"]
[Termination "normal"]
[Board "3"]
[WhiteElo "1695"]
[BlackElo "1575"]
[WhiteClock "00:48:14"]
[BlackClock "00:04:35"]
[PlyCount "148"]
[WhiteFideId "12950378"]
[BlackFideId "12974927"]
[EventCountry "GER"]
[EventRounds "11"]
[EventType "swiss"]
[EventDate "2014.06.07"]

1. e4 e5 2. Nf3 Nc6 3. Bb5 a6 4. Ba4 Nf6 5. d3 Bc5 6. O-O d6 7. c3 b5 8. Bc2
O-O 9. Nbd2 Bg4 10. Re1 Ne7 11. Nf1 Ng6 12. Ng3 h6 13. h3 Be6 14. d4 exd4 15.
cxd4 Bb4 16. Bd2 Bxd2 17. Qxd2 c5 18. Qd3 c4 19. Qe3 d5 20. e5 Nd7 21. Nd2 Qh4
22. Rf1 Qf4 23. Nf5 Bxf5 24. Qxf4 Nxf4 25. Bxf5 Rad8 26. Rfe1 Ne6 27. Nf3 Rfe8
28. Rab1 g6 29. Bc2 Nb6 30. b3 Kg7 31. Bd1 Nc8 32. a4 Ne7 33. Bc2 Nc6 34. bxc4
bxc4 35. Red1 Rb8 36. Kf1 Nb4 37. Ne1 Nxc2 38. Nxc2 Rb3 39. Ne3 Reb8 40. Rxb3
Rxb3 41. Nxd5 Ra3 42. Nb6 c3 43. d5 c2 44. Rc1 Nd4 45. Ke1 Rb3 46. Nc4 Rb1 47.
Kd2 Nb3+ 48. Kxc2 Rxc1+ 49. Kxb3 Kf8 50. Kb4 Ke7 51. Ne3 Kd7 52. Ka5 Ra1 53.
Ng4 h5 54. Nf6+ Kc7 55. f4 h4 56. Kb4 Rb1+ 57. Ka5 Ra1 58. d6+ Kd8 59. Nd5 Ra2
60. Nb6 Rxg2 61. Kxa6 Rg3 62. Kb7 Rxh3 63. Nd5 Ra3 64. Nc7 h3 65. e6 fxe6 66.
Kc6 Rc3+ 67. Kb6 Rxc7 68. dxc7+ Kc8 69. a5 h2 70. f5 exf5 71. Ka7 h1=Q 72. a6
Qb1 73. Ka8 Qb6 74. a7 Qb7# 0-1

[Event "DEM U10/U10w 2014"]
[Site "Magdeburg GER"]
[Date "2014.06.09"]
[Round "4"]
[White "Bui, Bao Anh Le"]
[Black "Trifan, Andrei Ioan"]
[Result "0-1"]
[Termination "normal"]
[Board "4"]
[WhiteElo "1551"]
[BlackElo "1689"]
[WhiteClock "00:22:53"]
[BlackClock "00:59:47"]
[PlyCount "42"]
[WhiteFideId "12970719"]
[BlackFideId "12967068"]
[EventCountry "GER"]
[EventRounds "11"]
[EventType "swiss"]
[EventDate "2014.06.07"]

1. e4 e5 2. Nf3 Nc6 3. Bc4 Bc5 4. c3 Nf6 5. d3 a6 6. Bb3 Ba7 7. O-O O-O 8. Bg5
h6 9. Be3 Re8 10. h3 d5 11. exd5 Nxd5 12. Bxa7 Rxa7 13. Re1 Nf4 14. Bc2 Bf5 15.
d4 e4 16. Ne5 Nxe5 17. dxe5 Qg5 18. g3 Rd8 19. Qc1 Ne2+ 20. Rxe2 Qxc1+ 21. Kg2
Qxb2 0-1

[Event "DEM U10/U10w 2014"]
[Site "Magdeburg GER"]
[Date "2014.06.09"]
[Round "4"]
[White "Astner, Sebastian"]
[Black "Li, Simon"]
[Result "0-1"]
[Termination "normal"]
[Board "5"]
[WhiteElo "1389"]
[BlackElo "1814"]
[WhiteClock "00:35:20"]
[BlackClock "00:23:52"]
[PlyCount "90"]
[WhiteFideId "12979422"]
[BlackFideId "12972134"]
[EventCountry "GER"]
[EventRounds "11"]
[EventType "swiss"]
[EventDate "2014.06.07"]

1. e4 c5 2. b3 d6 3. Bb5+ Nd7 4. Bxd7+ Bxd7 5. Bb2 Nf6 6. d3 g6 7. Nd2 Bg7 8.
Ne2 O-O 9. O-O b5 10. Ng3 Qb6 11. c4 Rfb8 12. f4 Nxe4 13. Bxg7 Nxg3 14. Re1
Kxg7 15. hxg3 Re8 16. Qf3 Qc6 17. Re2 Qxf3 18. gxf3 a5 19. a4 bxa4 20. bxa4
Rab8 21. Ne4 Bc6 22. Kf2 Rb3 23. Ke3 Reb8 24. Rh2 Rh8 25. Ng5 Rb4 26. Rha2 Rhb8
27. Rh1 h6 28. Ne4 Bxe4 29. fxe4 Rb2 30. Ra3 Rc2 31. Raa1 h5 32. e5 Rbb2 33. g4
Re2+ 34. Kf3 hxg4+ 35. Kxg4 dxe5 36. Kf3 exf4 37. Kxf4 Kf6 38. Rh8 Rf2+ 39. Ke4
Ke6 40. Re1 f5+ 41. Ke3 Ke5 42. d4+ cxd4+ 43. Kd3+ Kd6 44. Kxd4 e5+ 45. Kd3
Rb3# 0-1

[Event "DEM U10/U10w 2014"]
[Site "Magdeburg GER"]
[Date "2014.06.09"]
[Round "4"]
[White "Bethke, Richard"]
[Black "Weishäutel, Moritz"]
[Result "0-1"]
[Termination "normal"]
[Board "6"]
[WhiteElo "1627"]
[BlackElo "1801"]
[WhiteClock "01:15:43"]
[BlackClock "00:54:21"]
[PlyCount "64"]
[WhiteFideId "12959243"]
[BlackFideId "12967300"]
[EventCountry "GER"]
[EventRounds "11"]
[EventType "swiss"]
[EventDate "2014.06.07"]

1. e4 e5 2. Nf3 Nc6 3. Bc4 Bc5 4. b4 Bxb4 5. c3 Be7 6. d4 Na5 7. Nxe5 Nxc4 8.
Nxc4 d5 9. exd5 Qxd5 10. Ne3 Qd7 11. O-O b6 12. Nd2 Bb7 13. Re1 Nf6 14. Qc2 g6
15. Ndc4 O-O 16. Ne5 Qe6 17. f4 Nd7 18. Nxd7 Qxd7 19. f5 Rfe8 20. Ng4 Bh4 21.
Rxe8+ Rxe8 22. g3 Qc6 23. Ne3 Rxe3 24. Bb2 Qh1+ 25. Kf2 Qg2+ 26. Kxe3 Qxc2 27.
gxh4 Qxb2 28. Rg1 Qxc3+ 29. Kf2 Qxd4+ 30. Kf1 Qf4+ 31. Ke2 Qxh2+ 32. Kf1 Ba6+
0-1

[Event "DEM U10/U10w 2014"]
[Site "Magdeburg GER"]
[Date "2014.06.09"]
[Round "4"]
[White "Gelfenbaum, Daniel"]
[Black "Buchloh, Adrian"]
[Result "1-0"]
[Termination "time forfeit"]
[Board "9"]
[WhiteElo "1719"]
[BlackElo "1463"]
[PlyCount "79"]
[WhiteFideId "12965634"]
[BlackFideId "12960675"]
[EventCountry "GER"]
[EventRounds "11"]
[EventType "swiss"]
[EventDate "2014.06.07"]

1. e4 e6 2. d4 d5 3. Nc3 Bb4 4. e5 c5 5. Bd2 cxd4 6. Nb5 Be7 7. Nf3 Nc6 8.
Nbxd4 Bc5 9. Bb5 Bd7 10. Bc3 Nge7 11. O-O O-O 12. Re1 Bxd4 13. Bxd4 Nxe5 14.
Nxe5 Bxb5 15. Qg4 Nf5 16. Nf3 b6 17. Re5 Nxd4 18. Nxd4 Ba6 19. Rg5 Qf6 20. Re1
Rac8 21. Re3 Rc4 22. c3 Rfc8 23. h4 h6 24. Rf3 hxg5 25. Rxf6 gxf6 26. hxg5 fxg5
27. Qxg5+ Kf8 28. Qf6 Re8 29. b3 Rxd4 30. cxd4 Rc8 31. Qh8+ Ke7 32. Qh7 Ke8 33.
g4 Rc7 34. g5 Rb7 35. Kg2 Kf8 36. Qh8+ Ke7 37. Qg7 Kd6 38. Qf8+ Kc6 39. Qe8+
Kd6 40. a4 1-0

[Event "DEM U10/U10w 2014"]
[Site "Magdeburg GER"]
[Date "2014.06.09"]
[Round "4"]
[White "Krastev, Alexander"]
[Black "Schade, Johannes"]
[Result "1-0"]
[Termination "normal"]
[Board "10"]
[WhiteElo "1599"]
[BlackElo "1304"]
[PlyCount "57"]
[WhiteFideId "12989983"]
[BlackFideId "12958581"]
[EventCountry "GER"]
[EventRounds "11"]
[EventType "swiss"]
[EventDate "2014.06.07"]

1. e4 c5 2. Nc3 Nc6 3. f4 g6 4. Nf3 Bg7 5. Bb5 e6 6. Bxc6 bxc6 7. d3 Ne7 8. O-O
O-O 9. Qe1 f5 10. e5 d6 11. Be3 Nd5 12. Rf2 Qc7 13. Na4 dxe5 14. Bxc5 Rd8 15.
fxe5 Nf4 16. d4 Ba6 17. Ng5 Nd5 18. Nxe6 Qd7 19. Nxd8 Rxd8 20. b3 Bh6 21. Rf3
g5 22. c4 g4 23. Rd3 Qg7 24. Qa5 Re8 25. Qxa6 Be3+ 26. Kh1 Qh6 27. cxd5 g3 28.
h3 Kh8 29. Qxc6 1-0

[Event "DEM U10/U10w 2014"]
[Site "Magdeburg GER"]
[Date "2014.06.09"]
[Round "4"]
[White "Brunner, Sophia"]
[Black "Kamp, Adrian"]
[Result "1-0"]
[Termination "normal"]
[Board "11"]
[WhiteElo "1339"]
[BlackElo "1310"]
[PlyCount "115"]
[WhiteFideId "12960683"]
[BlackFideId "16222466"]
[EventCountry "GER"]
[EventRounds "11"]
[EventType "swiss"]
[EventDate "2014.06.07"]

1. Nf3 c5 2. c4 d6 3. g3 b6 4. Bg2 Bb7 5. O-O g6 6. Nc3 Bg7 7. d3 e6 8. Bd2 Ne7
9. Qc1 h6 10. a4 Nd7 11. Nb5 Qb8 12. Bc3 Bxc3 13. Nxc3 a6 14. Qd2 Qc7 15. b3
Nf5 16. e3 Bc6 17. d4 cxd4 18. exd4 Nf6 19. Rfe1 O-O 20. h3 Qb7 21. Nh4 Nxh4
22. Bxc6 Nf3+ 23. Bxf3 Qxf3 24. Qe3 Qh5 25. g4 Qh4 26. Kg2 Rac8 27. Ne4 Nxe4
28. Qxe4 Qf6 29. Rac1 Qg5 30. Qe3 Qxe3 31. fxe3 f5 32. gxf5 Rxf5 33. Rf1 Rcf8
34. Rxf5 Rxf5 35. Rf1 Rxf1 36. Kxf1 Kf7 37. Kf2 Kf6 38. b4 e5 39. d5 Ke7 40.
Kf3 h5 41. Ke4 Kd7 42. Kf3 a5 43. b5 Ke8 44. e4 Kf7 45. Kg3 g5 46. Kf3 Kg6 47.
Kg3 Kh6 48. c5 dxc5 49. d6 c4 50. d7 c3 51. d8=Q c2 52. Qxb6+ Kg7 53. Qc7+ Kg6
54. Qxc2 h4+ 55. Kg4 Kf6 56. Qc6+ Ke7 57. b6 Kf7 58. b7 1-0

[Event "DEM U10/U10w 2014"]
[Site "Magdeburg GER"]
[Date "2014.06.09"]
[Round "4"]
[White "Asadzade, Idris"]
[Black "Mimkes, Pavel"]
[Result "1-0"]
[Termination "normal"]
[Board "12"]
[WhiteElo "1448"]
[BlackElo "1271"]
[PlyCount "125"]
[WhiteFideId "12997285"]
[BlackFideId "12990833"]
[EventCountry "GER"]
[EventRounds "11"]
[EventType "swiss"]
[EventDate "2014.06.07"]

1. d4 d5 2. c4 e6 3. Nc3 Nf6 4. Bg5 Be7 5. e3 O-O 6. Nf3 c6 7. cxd5 cxd5 8. Bd3
Nbd7 9. O-O b6 10. Rc1 Bb7 11. Qd2 Rc8 12. Rc2 Qc7 13. Nxd5 Qd6 14. Nxe7+ Qxe7
15. Rxc8 Rxc8 16. Rc1 Rxc1+ 17. Qxc1 e5 18. dxe5 Nxe5 19. Nxe5 Qxe5 20. Bxf6
Qd5 21. Bf1 gxf6 22. Qc4 Qd1 23. Qe2 Qd5 24. b3 Bc6 25. Qd3 Qh5 26. Qd6 Be4 27.
Qxf6 Bxg2 28. Qd8+ Kg7 29. Bxg2 Qe2 30. Qd4+ Kg8 31. Qa1 Qg4 32. a4 h5 33. h3
Qg5 34. b4 Qh4 35. Qb2 Qc4 36. a5 Qb5 37. axb6 Qxb6 38. Qc3 Qa6 39. Qd4 Qa3 40.
Qf4 Qa1+ 41. Bf1 f6 42. Qh4 Qa4 43. Qc4+ Kg7 44. b5 Qa5 45. Qh4 Kg6 46. Bd3+ f5
47. Qg3+ Kf6 48. Qd6+ Kf7 49. Qd5+ Ke7 50. Bxf5 Qa1+ 51. Kh2 Qb2 52. Qe4+ Kf6
53. Qd4+ Qxd4 54. exd4 Kxf5 55. Kg3 Ke4 56. Kh4 Kxd4 57. Kxh5 Kc5 58. Kg5 Kxb5
59. h4 a5 60. h5 a4 61. h6 a3 62. h7 a2 63. h8=Q 1-0

[Event "DEM U10/U10w 2014"]
[Site "Magdeburg GER"]
[Date "2014.06.09"]
[Round "4"]
[White "Deleré, Adrian"]
[Black "Prieb, Robert"]
[Result "1/2-1/2"]
[Termination "normal"]
[Board "13"]
[WhiteElo "1447"]
[BlackElo "1260"]
[PlyCount "120"]
[WhiteFideId "12990400"]
[BlackFideId "16212002"]
[EventCountry "GER"]
[EventRounds "11"]
[EventType "swiss"]
[EventDate "2014.06.07"]

1. e4 e6 2. d4 d5 3. Nc3 dxe4 4. Nxe4 Nd7 5. Bf4 Ngf6 6. Bd3 Be7 7. Nf3 Nxe4 8.
Bxe4 Nf6 9. Bd3 O-O 10. O-O b6 11. Ne5 Bb7 12. c3 Qd5 13. f3 c5 14. Bc4 Qd8 15.
Qd3 cxd4 16. cxd4 Nd5 17. Bg3 Rc8 18. Rac1 Bd6 19. Rfd1 f6 20. Ng4 Bxg3 21.
hxg3 Qd6 22. f4 Rfd8 23. a3 Rd7 24. Rc2 Rdc7 25. Rdc1 Qd7 26. Ne3 Qd6 27. Nxd5
exd5 28. Bb3 Rxc2 29. Rxc2 Rxc2 30. Bxc2 g6 31. Qc3 Qc6 32. Qxc6 Bxc6 33. a4
Kf7 34. Kf2 Ke6 35. Ke3 Kd6 36. Kd2 Bd7 37. Bd1 f5 38. Kc3 a5 39. b3 Kc7 40.
Be2 Kd6 41. Kd2 Ke7 42. Ke3 Kf6 43. Kf2 Bc6 44. Kg1 Bd7 45. Kh2 Ke7 46. Kh3 h5
47. Kh4 Kf6 48. Bd3 Bc6 49. Kh3 Bd7 50. Kh2 Bc6 51. Kg1 Bd7 52. Kf2 Bc6 53. Ke3
Bd7 54. Kd2 Ke7 55. Kc3 Kd6 56. Kb2 Kc7 57. Ka3 Kd6 58. b4 Kc6 59. Bb5+ Kc7 60.
Bxd7 Kxd7 1/2-1/2

[Event "DEM U10/U10w 2014"]
[Site "Magdeburg GER"]
[Date "2014.06.09"]
[Round "4"]
[White "Grünwald, Max"]
[Black "Ziegenfuß, Antonia"]
[Result "0-1"]
[Termination "normal"]
[Board "14"]
[WhiteElo "1340"]
[BlackElo "1705"]
[PlyCount "66"]
[WhiteFideId "12992283"]
[BlackFideId "12962554"]
[EventCountry "GER"]
[EventRounds "11"]
[EventType "swiss"]
[EventDate "2014.06.07"]

1. e4 d6 2. f4 g6 3. Nf3 Bg7 4. d4 Nf6 5. Nc3 O-O 6. Bc4 c6 7. Bb3 Na6 8. O-O
Nc7 9. e5 Nh5 10. Ng5 Bh8 11. Qe1 d5 12. Qh4 h6 13. Nf3 e6 14. Qh3 f5 15. exf6
e5 16. g4 exf4 17. Qg2 Nxf6 18. g5 hxg5 19. Qxg5 Bf5 20. Nh4 Ne4 21. Qxf4 Bxd4+
22. Kg2 Bh3+ 23. Kxh3 Rxf4 24. Rxf4 Bxc3 25. bxc3 g5 26. Rxe4 Qd7+ 27. Rg4 Kh7
28. Bxg5 Rg8 29. Re1 Rxg5 30. Reg1 Ne8 31. c4 Nf6 32. cxd5 Nxg4 33. dxc6 Nf2#
0-1

[Event "DEM U10/U10w 2014"]
[Site "Magdeburg GER"]
[Date "2014.06.09"]
[Round "4"]
[White "Sulayev, Daniel"]
[Black "Wu, Luka"]
[Result "1-0"]
[Termination "normal"]
[Board "15"]
[WhiteElo "1584"]
[BlackElo "1433"]
[PlyCount "143"]
[WhiteFideId "12977675"]
[BlackFideId "12977420"]
[EventCountry "GER"]
[EventRounds "11"]
[EventType "swiss"]
[EventDate "2014.06.07"]

1. e4 c5 2. Nf3 Nc6 3. d4 cxd4 4. Nxd4 g6 5. c4 Bg7 6. Be3 Nf6 7. Nc3 d6 8. Be2
Bd7 9. O-O O-O 10. f3 a6 11. Qd2 Rc8 12. Rac1 Qa5 13. Rfd1 Ne5 14. Nd5 Qxd2 15.
Nxe7+ Kh8 16. Rxd2 Rce8 17. Nd5 Nxd5 18. cxd5 Rc8 19. Rdc2 Kg8 20. Rc7 b5 21.
Rxc8 Rxc8 22. Rxc8+ Bxc8 23. Kf2 Kf8 24. Ke1 Bb7 25. Kd2 Ke7 26. Kc3 Kd7 27.
Kb4 Kc7 28. a4 bxa4 29. Kxa4 Nd7 30. b4 Be5 31. g3 Nb8 32. Ka5 Bf6 33. b5 axb5
34. Bxb5 Nd7 35. Bxd7 Kxd7 36. Kb6 Bc8 37. Nb5 Bd8+ 38. Ka7 Be7 39. Bb6 Ke8 40.
Bc7 Kd7 41. g4 Bf8 42. Kb6 Be7 43. Na7 Bf6 44. Nxc8 Kxc8 45. Kc6 Be5 46. Bxd6
Bf6 47. e5 Bd8 48. e6 fxe6 49. dxe6 h5 50. e7 Bxe7 51. Bxe7 hxg4 52. fxg4 Kb8
53. Kd6 Kb7 54. Ke6 Kc7 55. Kf6 Kd7 56. Ba3 g5 57. Kxg5 Ke6 58. h4 Kf7 59. Bb2
Kg8 60. Kg6 Kf8 61. h5 Ke7 62. h6 Ke6 63. h7 Kd5 64. h8=Q Ke4 65. Qe5+ Kf3 66.
Kf5 Kf2 67. Qc3 Ke2 68. Kf4 Kd1 69. Bc1 Ke2 70. Qd2+ Kf1 71. Kg3 Kg1 72. Qd1#
1-0